Kế toán ngân hàng

Spremljeno u:
Bibliografski detalji
Glavni autor: Không rõ
Format: Knjiga
Jezik:Vietnamese
Izdano: Sunshine 2000
Oznake: Dodaj oznaku
Bez oznaka, Budi prvi tko označuje ovaj zapis!
Thư viện lưu trữ: Mạng thư viện Đại học Đà Nẵng
LEADER 00598nam a2200277 4500
001 000025455
003 1025
005 20150325120000.0
008 150325s vm 000 vie
020 |c 19,0000 
040 |a D5 
100 |a Không rõ 
245 |a Kế toán ngân hàng 
260 |b Sunshine  |c 2000 
300 |a 216tr. ; 
OWN |a LTT 
999 |a From the UDN01 
TYP |a Monograph 
TYP |a Printed language 
980 |a Mạng thư viện Đại học Đà Nẵng